[Event "FRA-chT4"]
[Site "France"]
[Date "2013.02.10"]
[Round "6"]
[White "Massart, Sylvain"]
[Black "Gervaise, Marina"]
[Result "1/2-1/2"]
[WhiteElo "1450"]
[BlackElo "1650"]
[PlyCount "60"]
[EventDate "2012.10.24"]
[EventType "team-swiss"]
[EventRounds "9"]
[EventCountry "FRA"]
[SourceTitle "EXT 2014"]
[Source "ChessBase"]
[SourceDate "2013.11.20"]
[SourceVersion "1"]
[SourceVersionDate "2013.11.20"]
[SourceQuality "1"]

1. e4 e5 2. Nc3 Nf6 3. b3 Bc5 4. h3 Nc6 5. g4 h6 6. d3 Nd4 7. g5 hxg5 8. Bxg5 Bb4 9. Bd2 d6 10. Nd5 Bxd2+ 11. Qxd2 Nxd5 12. exd5 Qf6 13. 0-0-0 b6 14. Ne2 Nxe2+ 15. Qxe2 Bb7 16. Qe4 0-0-0 17. h4 Kb8 18. Bg2 Rh6 19. Rdf1 Rdh8 20. Kb1 Rxh4 21. Rxh4 Rxh4 22. f4 Rxf4 23. Rxf4 Qxf4 24. Qh7 a6 25. Qxg7 Qd4 26. Qg8+ Ka7 27. Be4 Bxd5 28. Bxd5 Qxd5 29. Qc8 Qc6 30. Qf5 Qe8 1/2-1/2